00707nam a22002177a 4500010001300000020002300013035001300036037001600049040001200065082001300077245010200090260003600192270007400228300001800302490005400320650002500374650002300399700002500422700002400447700001800471 aA-682420 a8185420432c400.00 aA-682420 aCen Lib/Ret aDPLbEN a370bOPT aOptimizing human learning /cedited by Marmar Mukhopadhyay, Jirija Mohd. Miyan [and] Madhu Parhar aNew DelhibAmar Prakashanc1993 aM.S. Juneja Amar Prakashan A-1/139B, Lawrence RoadbNew Delhie110035 a257p ; b24cm aTrends in educational and training technology v2 aEducation technology aDistance education aMukhopadhyay, Marmar aMiyan, Girija Mohd. aParhar, Madhu